| 000 | 00739nam a2200253 a 4500 | ||
|---|---|---|---|
| 001 | BRL_1863 | ||
| 005 | 20190320211413.0 | ||
| 008 | 110815s1982----mx-ao#####---#000-0#spa-# | ||
| 020 | _a9686661131 | ||
| 041 | _aspa | ||
| 044 | _amx | ||
| 050 | 4 |
_aNK844 _b.G89 1982 |
|
| 100 | 1 |
_aGuzmán Contreras, Alejandro _927646 |
|
| 245 | 1 | 0 |
_aLas lacas _cAlejandro Guzmán Contreras. |
| 260 |
_aMixcoac, D.F. _bFondo Nacional para el Fomento de las Artesanías : FONAPAS _c1982 |
||
| 300 |
_a43 p. _bil. _c21 cm. |
||
| 500 | _aAu568 | ||
| 500 | _a1982 año interamericano de las artesanias | ||
| 504 | _aBibliografía: p. 43 | ||
| 650 | 1 | 4 |
_aLacas _zMéxico _927647 |
| 650 | 1 | 4 |
_aArtesanías _zMéxico _93976 |
| 902 | _aGRL | ||
| 942 |
_2lcc _cB |
||
| 999 |
_c10671 _d10671 |
||